Green homes called for in the Thames Gateway (Record no. 73381)
[ view plain ]
| 000 -LEADER | |
|---|---|
| fixed length control field | 01150cam a2200229 4500 |
| 001 - CONTROL NUMBER | |
| control field | WB3934-04 |
| 008 - FIXED-LENGTH DATA ELEMENTS--GENERAL INFORMATION | |
| fixed length control field | 030910n2003 000 0 eng u |
| 035 ## - SYSTEM CONTROL NUMBER | |
| System control number | (Sirsi) u123548 |
| 245 ## - TITLE STATEMENT | |
| Title | Green homes called for in the Thames Gateway |
| 260 ## - PUBLICATION, DISTRIBUTION, ETC. | |
| Date of publication, distribution, etc. | 2003 |
| 490 ## - SERIES STATEMENT | |
| Series statement | Regeneration and Renewal |
| Volume/sequential designation | 5 September 2003, 11(1) |
| 520 ## - SUMMARY, ETC. | |
| Summary, etc. | Report by WWF-UK calls for government to intervene to ensure that development throughout the Thames Gateway along with other growth areas meets the highest possible sustainable development targets. It recommends that new communities are developed to Z2 standards or at least to the highest Building Research Establishment EcoHomes Standard. This would result in a 32% reduction in carbon dioxide emissions and 39% reduction in water use. For the report "One planet living in the Thames Gateway" http://www.wwf.org.uk/filelibrary/pdf/thamesgateway.pdf |
| 590 ## - LOCAL NOTE (RLIN) | |
| Local note | WB |
| 650 ## - SUBJECT ADDED ENTRY--TOPICAL TERM | |
| Topical term or geographic name entry element | CONSTRUCTION STANDARDS |
| 650 ## - SUBJECT ADDED ENTRY--TOPICAL TERM | |
| Topical term or geographic name entry element | WWF-UK |
| 650 ## - SUBJECT ADDED ENTRY--TOPICAL TERM | |
| Topical term or geographic name entry element | THAMES GATEWAY |
| 650 ## - SUBJECT ADDED ENTRY--TOPICAL TERM | |
| Topical term or geographic name entry element | ZERO ENERGY STANDARDS |
| 650 ## - SUBJECT ADDED ENTRY--TOPICAL TERM | |
| Topical term or geographic name entry element | ECOHOMES |
| 650 ## - SUBJECT ADDED ENTRY--TOPICAL TERM | |
| Topical term or geographic name entry element | BRE |
| 690 ## - LOCAL SUBJECT ADDED ENTRY--TOPICAL TERM (OCLC, RLIN) | |
| Topical term or geographic name as entry element | BUILT ENVIRONMENT-SUSTAINABLE CONSTRUCTION |
| 942 ## - ADDED ENTRY ELEMENTS (KOHA) | |
| Suppress in OPAC | 0 |
| Withdrawn status | Lost status | Source of classification or shelving scheme | Damaged status | Not for loan | Home library | Current library | Shelving location | Date acquired | Total Checkouts | Full call number | Barcode | Date last seen | Copy number | Price effective from | Koha item type |
|---|---|---|---|---|---|---|---|---|---|---|---|---|---|---|---|
| Dewey Decimal Classification | London | London | News article | 10/09/2003 | WB3934-04 | 123548-1001 | 06/08/2019 | 1 | 06/08/2019 | News article |